000 00287nam a22001337a 4500
008 170406b xxu||||| |||| 00| 0 eng d
020 _a9781416029748
041 _aeng
080 _a575
100 _a9
101 _aSHM
245 _aBASIC IMMUNOLOGY
_cABBAS.A.K
942 _2udc
_cBK
999 _c10013
_d10013